Esta soy yo /

Gespeichert in:
Bibliographische Detailangaben
1. Verfasser: Pinal, Silvia (autor)
Weitere Verfasser: Pérez-Porrúa Suárez, José Miguel (edición) (edición)
Format: Buch
Sprache:Spanisch
Veröffentlicht: México : Porrúa, 2016, c2016
Schlagworte:
Tags: Tag hinzufügen
Keine Tags, Fügen Sie das erste Tag hinzu!

MARC

LEADER 00000nam^a2200000^a^4500
001 000398695
005 20250521000000.0
009 20260526143453.772
020 |a 978-607-09-2108-7 
037 |a Acervo ITESO - Biblioteca 
041 |a ESP 
082 |a 302. 2350972  |b PIN 
100 |a Pinal, Silvia  |e (autor) 
245 1 0 |a Esta soy yo /  |c S. Pinal ; ed., entrevistas y redacción de J.M. Pérez-Porrúa Suárez ; pról. de Mara Patricia Castañeda. 
264 4 |a México :  |b Porrúa,  |c 2016, c2016 
300 |a 383 p. 
336 |a texto  |b txt  |2 rdacontenido 
337 |a sin mediación  |b n  |2 rdamedio 
338 |a volumen  |b nc  |2 rdasoporte 
585 |a Exposición DIA 2024-09 / Hilos del vestuario en el cine mexicano 
649 |a XX 
650 |a Actores Mexicanos -  |x Entrevistas 
650 |a Actores Mexicanos -  |x Memorias 
650 |a Mujeres Mexicanas -  |x Entrevistas 
650 |a Mujeres Mexicanas -  |x Memorias 
650 |a Cine Mexicano -  |x Historia y Crítica 
650 |a Cine Mexicano -  |y Siglo XX 
650 |a Televisión -  |z México -  |x Historia -  |y Siglo XX 
650 |a Comedia Musical -  |z México -  |x Historia y Crítica 
650 |a Teatro Mexicano -  |x Historia y Crítica 
650 |a Artes Escénicas -  |z México -  |x Historia y Crítica 
650 |a Pinal, Silvia -  |x Tema Principal 
700 |a Pérez-Porrúa Suárez, José Miguel  |e (edición) 
910 |a Fondo General 
920 |a Impresos - Libros 
930 |a Colección General 
905 |a 101 
901 |a 0500293806  |b IT1  |c ACC  |i C156583  |u 20250521 
902 |a https://opac.biblio.iteso.mx/vufind/Record/000398695